| 000 | 00437nam a2200157 4500 | ||
|---|---|---|---|
| 001 | 117570 | ||
| 003 | ES-MaACL | ||
| 005 | 20230906190931.0 | ||
| 007 | t| | ||
| 008 | 070214s1933 it r ||||1| ita d | ||
| 100 | 1 |
_aPanzini, Alfredo. _988834 |
|
| 245 | 1 | 3 |
_aLa bella storia di Orlando innamorato e poi furioso / _cAlfredo Panzini. |
| 260 |
_aVerona : _bMondadori, _c1933. |
||
| 300 |
_a141 p. ; _c19 cm. |
||
| 852 |
_aES-MaACL _jA-2239 |
||
| 999 |
_c117570 _d117570 |
||